|
|
|
|
| LEADER |
00000nam a2200000 a 4500 |
| 001 |
vtls001136074 |
| 003 |
SK-MaSNL |
| 005 |
20260301001954.0 |
| 008 |
250414s1992 CS 0 cze |
| 020 |
|
|
|a 8000002949
|
| 035 |
|
|
|a SNK000078927
|
| 040 |
|
|
|a SNK
|b slo
|c SNK
|e AACR2
|
| 041 |
0 |
|
|a cze
|
| 044 |
|
|
|a [CS]
|
| 080 |
|
|
|a 398.7(091)
|2 1981
|
| 100 |
1 |
|
|a Fučík, Bedřich,
|d 1900-1984
|4 aut
|9 280980
|
| 245 |
1 |
0 |
|a Zakopaný pes aneb o tom jak, proč a kde vznikla některá slova, jména, rčení, úsloví, pořekadla a přísloví
|c Bedřich Fučík, Jindřich Pokorný ; Ilustr. Václav Kabát
|
| 250 |
|
|
|a 2., dopl.vyd.
|
| 260 |
|
|
|a Praha
|b Albatros
|c 1992
|
| 300 |
|
|
|a 255 s.
|c 20 cm
|
| 650 |
0 |
7 |
|a príslovia
|2 SNKPH
|9 1251
|
| 700 |
1 |
|
|a Pokorný, Jindřich
|4 aut
|9 280981
|
| 700 |
1 |
|
|a Kabát, Václav
|4 ill
|9 280982
|
| 852 |
|
|
|a Slovenská národná knižnica
|
| 919 |
|
|
|a 80-00-00294-9
|
| 954 |
|
|
|a príslovia
|a porekadlá
|a frázy
|
| 999 |
|
|
|c 536213
|d 538143
|
| 952 |
|
|
|t P60, <04>, [BOOK], {604}
|a SNK
|b SNK
|y VYP
|7 0
|p 17A0176299
|o snkID 93572
|0 0
|1 0
|4 0
|d 1999-01-13
|l 0
|r 2005-01-01 00:00:00
|w 2026-02-23
|
| 952 |
|
|
|t P60, <04>, [BOOK], {604}
|a SNK
|b SNK
|y VYP
|7 0
|p 17A0254987
|o snkID 93572 D1
|0 0
|1 1
|4 0
|d 2000-10-12
|l 0
|r 2005-01-01 00:00:00
|w 2026-02-23
|